Statistics for Central Asia Physical Features

Click here to take the quiz!

General Stats

  • This quiz has been taken 7 times
  • The average score is 6 of 14

Answer Stats

Type Answer % Correct
Largest lake in Cenral AsiaCaspian Sea
100%
Dying sea on the Kazakhstan/Uzbekistan BorderAral
83%
4th Longest RiverUral
50%
5th Longest RiverSyr Darya
50%
Famous mountains primarily in TajikistanPamir
50%
Nowshaq and the Wakhan Corridor is in this mountain rangeHindu Kush
50%
Main desert of TurkmenistanKarakum Desert
50%
Longest RiverIrtysh
33%
2nd Longest RiverAmu Darya
33%
Main desert of UzbekistanKyzylkum Desert
33%
Secod largest lake in Cenral AsiaLake Balkhash
33%
Andijan, Namangan, and Osh City are in this valleyFergana Valley
33%
3rd Longest RiverIshim
17%
Plateau east of Caspian SeaUstyurt
17%

Score Distribution

Percentile by Number Answered

Percent of People with Each Score

Your Score History

You have not taken this quiz